| 000 | 00622nam a22002537a 4500 | ||
|---|---|---|---|
| 003 | UA-OsUOA | ||
| 001 | 26448 | ||
| 007 | ta | ||
| 008 | 20040602b un ||||| |||| 00| 0 ukr d | ||
| 100 | _aШкловский И.С. | ||
| 090 |
_a524(023) _bШ66 |
||
| 942 | _cBK | ||
| 040 |
_aUA-OsUOA _brus _cUA-OsUOA _dUA-OsUOA |
||
| 245 | _aВселенная. Жизнь. Разум. | ||
| 300 |
_a320 с. _bІлюстрації |
||
| 955 | _a0 | ||
| 041 | _arus | ||
| 080 | _a524(023) | ||
| 260 |
_aМосква _bНаука _c1987 |
||
| 044 | _aRU | ||
| 250 | _n6-е изд., доп. | ||
| 650 | 7 | _2UDC | |
| 999 |
_c312772 _d312772 |
||